Most Peaceful Countries With Exceptions - Statistics

General Stats
  • This quiz has been taken 30 times
  • The average score is 13 of 20
Answer Stats
# Answer % Correct
1 (3 globally) New Zealand
100%
6 (18 globally) Australia
96%
5 (15 globally) Canada
93%
3 (12 globally) Japan
93%
2 (6 globally) Singapore
93%
14 (41 globally) South Korea
81%
13 (40 globally) Taiwan
78%
20 (48 globally) Uruguay
67%
11 (37 globally) Mongolia
63%
9 (27 globally) Qatar
59%
18 (46 globally) Argentina
56%
10 (31 globally) Kuwait
56%
8 (26 globally) Mauritius
56%
15 (42 globally) Oman
52%
19 (47 globally) Laos
48%
12 (39 globally) Vietnam
48%
7 (21 globally) Bhutan
44%
4 (13 globally) Malaysia
44%
17 (44 globally) East Timor
41%
16 (43 globally) Botswana
26%
No matching quizzes found
Score Distribution
Percent of People with Each Score
Percentile by Number Answered
Your Score History
You have not taken this quiz